000 00433nam a2200193Ia 4500
005 20240823052749.0
008 240823s9999||||xx |||||||||||||| ||und||
020 _a81-716-7553-0
041 _aENGLISH
082 _A821.008 Q1
100 _aFrancis Turner Palgrave
245 4 _aThe Golden Treasury
250 _a1st
260 _c2011
_bRupa
500 _aYES
650 _aPeoms
_bEnglish
942 _cBK
999 _c222631
_d222631